| 000 -ლიდერი |
| ფიქსირებული სიგრძის საკონტროლო ველი |
01225nam a2200229Ia 4500 |
| 001 - საკონტროლო ნომერი |
| საკონტროლო ველი |
4015 |
| 003 - საკონტროლო ნომრის იდენტიფიკატორი |
| საკონტროლო ველი |
GE_BSU |
| 005 - ბოლო ოპერაციის თარიღი და დრო |
| საკონტროლო ველი |
20190823172359.0 |
| 008 - ფიქსირებული სიგრძის მონაცემთა ელემენტები - ზოგადი ინფორმაცია |
| ფიქსირებული სიგრძის საკონტროლო ველი |
181216s1970||||ge |||||||||||||| ||geo|| |
| 040 ## - კატალოგიზაციის წყარო |
| Transcribing agency |
GE_BSU |
| 041 ## - ენის კოდი |
| Language code of text/sound track or separate title |
geo |
| 080 ## - უნივერსალური ათობითი კლასიფიკაციის ინდექსი |
| Universal Decimal Classification number |
34(479.22)(091) ქ–27 |
| 245 ## - ცნობა სათაურის შესახებ |
| Title |
ქართული სამართლის ძეგლები : |
| Remainder of title |
ტ. 3 : საეკლესიო საკანონმდებლო ძეგლები (XI-XIX სს.) / |
| Statement of responsibility, etc |
ტექსტი გამოსცა, შენიშვნები და საძიებლები დაურთო პროფ. ი. დოლიძემ |
| 264 ## - წარმოების, გამოცემის, დისტრიბუციის და სხვა ცნობები |
| გამოცემის, წარმოების, დისტრიბუციის... ადგილი |
თბ. : |
| გამოცემის, წარმოების, დისტრიბუციის... სახელწოდება |
მეცნიერება, |
| გამოცემის, წარმოების, დისტრიბუციის... თარიღი |
1970. |
| 300 ## - ფიზიკური აღწერა |
| Extent |
1320 გვ. |
| Other physical details |
22 სმ. |
| 500 ## - ზოგადი შენიშვნა |
| General note |
შენიშვნები გვ: 1137-1221. |
| 501 ## - შენიშვნა თანმხლებ მასალაზე |
| With note |
საკუთარ სახელთა საძიებელი გვ: 1225-1252. - ტერმინთა საძიებელი გვ: 1253-1296. |
| 653 ## - INDEX TERM--UNCONTROLLED |
| Uncontrolled term |
ქართული სამართლის ძეგლები |
| 653 ## - INDEX TERM--UNCONTROLLED |
| Uncontrolled term |
ქართული საეკლესიო სამართალი |
| 942 ## - ADDED ENTRY ELEMENTS (KOHA) |
| Koha item type |
წიგნი |
| Source of classification or shelving scheme |
|